Communication in english. (Record no. 180432)

MARC details
000 -LEADER
fixed length control field 00380nam a2200157Ia 4500
008 - FIXED-LENGTH DATA ELEMENTS--GENERAL INFORMATION
fixed length control field 210707s1979 xx 000 0 und d
041 ## - LANGUAGE CODE
Language code of text/sound track or separate title eng
082 ## - DEWEY DECIMAL CLASSIFICATION NUMBER
Classification number 428.2 BHAC
100 ## - MAIN ENTRY--PERSONAL NAME
Personal name BHATNAGAR (R P) & BELL (R T)
245 ## - TITLE STATEMENT
Title Communication in english.
260 ## - PUBLICATION, DISTRIBUTION, ETC.
Place of publication, distribution, etc. ND
Name of publisher, distributor, etc. Orient Longman
Date of publication, distribution, etc. 1979
300 ## - PHYSICAL DESCRIPTION
Extent 265 p
365 ## - TRADE PRICE
Price amount 25
Currency code INR
563 ## - BINDING INFORMATION
Binding note PB
650 ## - SUBJECT ADDED ENTRY--TOPICAL TERM
Topical term or geographic name entry element English Usage
Holdings
Withdrawn status Lost status Damaged status Not for loan Collection code Home library Current library Date acquired Source of acquisition Cost, normal purchase price Total Checkouts Full call number Barcode Date last seen Price effective from Koha item type
          St Aloysius Library St Aloysius Library 02/06/2003 Athree Book Centre, Mnagalore-01. 25.00   428.2 BHAC BB04448 07/08/2021 07/08/2021 Book Bank